Statistiques concernant Titres de Harry Styles

Cliquez ici pour prendre le quiz!

Statistiques générales

  • Ce quiz a été pris 580 fois
  • Le résultat moyen est 28 sur 36

Statistiques - réponses

HintRéponse% Correct
As it was
94%
wWatermelon Sugar
91%
Kiwi
89%
Sign of the Times
89%
Fine Line
87%
MMatilda
87%
Adore you
86%
Music For a Sushi Restaurant
86%
Daylight
85%
GGolden
84%
Love Of My Life
83%
DDaydreaming
82%
Cherry
81%
SSatellite
81%
BBoyfriends
80%
FFalling
80%
Treat People With Kindness
80%
Carolina
79%
Cinema
79%
Grapejuice
79%
Two Ghosts
79%
LLate Night Talking
77%
Little Freak
77%
Meet Me in the Hallway
77%
She
77%
Sweet Creature
76%
EEver Since New York
76%
KKeep Driving
76%
OOnly Angel
75%
Sunflower
74%
CCanyon Moon
73%
From the Dining Table
73%
Lights Up
73%
Woman
73%
TTo be So Lonely
68%
AA message from Harry Styles
3%

Distribution des résultats

Percentile par nombre de réponses

% des personnes avec chaque résultat

Votre développement - résultats

Vous n’avez pas pris ce quiz